| 000 | 00533nam a2200181Ia 4500 | ||
|---|---|---|---|
| 008 | 100917s9999 xx 000 0 und d | ||
| 082 | _b52502 | ||
| 100 | _aजोशी बी. जी. - संपा. | ||
| 245 | _aशततारका | ||
| 260 |
_bराधाकृष्ण रा. प्रकाशन _c1980 |
||
| 300 | _a92/11 | ||
| 365 | _b12.5 | ||
| 520 | _aबालविभाग | ||
| 630 | _aशततारका | ||
| 650 | _aबालविभाग | ||
| 730 | _aशततारका | ||
| 942 | _cBOOK | ||
| 999 |
_c657896 _d657893 |
||